00975nam a22002777a 4500001001000000003000900010005001700019007000300036008003400039040005400073041001000127072002700137100001900164110011700183245014500300260004000445300001000485500007900495650001100574650001400585650001100599650003700610650001300647650001500660650002200675BR7806510BR-BrBNA20230928085749.0ta230509b bl.||||| |||| 00| 0 por d aBR-BrBNAbporcBiblioteca Nacional de Agricultura a(Por) aF21b1410b3920b/G5141 aOsorio, C.A.S.1 aUniversidade Federal do Rio Grande do Sul, Porto Alegre (Brasil). Faculdade de Agronomia0Dissertacao (Mestrado)1 aExperimento sobre os efeitos do nitrogenio mineral na simbiose Phaseolus vulgaris L. [Rhizobium phaseoli [feijao, Rio Grande do Sul, Brasil]3 aPorto Alegre, RS (Brasil): c1978.  a92 p. a26 tables; 3 graphs; Bibliography p. 52-57 (51 ref.); Summaries (Eng, Por) aFEIJAO aRHIZOBIUM aNODULO aFIXACAO SIMBIOTICA DE NITROGENIO aSIMBIOSE aNITROGENIO aRIO GRANDE DO SUL